Internal communication and management: theory and praxis of communication-centered management / Ulrike Buchholz, Sussane Knorre. (Record no. 22596)
| 000 -LEADER | |
|---|---|
| fixed length control field | 00447nam a2200109 4500 |
| 020 ## - INTERNATIONAL STANDARD BOOK NUMBER | |
| ISBN | 978365838386 (ebook) |
| 082 ## - DEWEY DECIMAL CLASSIFICATION NUMBER | |
| Classification number | Ul45 |
| Item number | U47554 2023 |
| 100 ## - MAIN ENTRY--AUTHOR NAME | |
| Personal name | Buchholz, Ulrike, author. |
| 245 ## - TITLE STATEMENT | |
| Title | Internal communication and management: theory and praxis of communication-centered management / Ulrike Buchholz, Sussane Knorre. |
| 260 ## - PUBLICATION, DISTRIBUTION, ETC. (IMPRINT) | |
| Place of publication | Wiesbaden, Germany: |
| Name of publisher | Springer Fachmedien Wiesbaden GmbH, |
| Year of publication | ©2023 |
| 300 ## - PHYSICAL DESCRIPTION | |
| Number of Pages | 1 online resource (various pages) |
No copies available.